Analysing the changes (Record no. 76306)

MARC details
000 -LEADER
fixed length control field 01269cab a2200205 4500
001 - CONTROL NUMBER
control field ##L132014
008 - FIXED-LENGTH DATA ELEMENTS--GENERAL INFORMATION
fixed length control field 051221n2005 000 0 eng u
035 ## - SYSTEM CONTROL NUMBER
System control number (Sirsi) u132014
041 0# - LANGUAGE CODE
Language code of text/sound track or separate title eng
100 1# - MAIN ENTRY--PERSONAL NAME
Personal name Joyce, Jacqui
245 00 - TITLE STATEMENT
Title Analysing the changes
260 ## - PUBLICATION, DISTRIBUTION, ETC.
Date of publication, distribution, etc. 2005
490 #0 - SERIES STATEMENT
Series statement Estates Gazette
Volume/sequential designation (0550) 17 December 2005, 86-87(2)
520 ## - SUMMARY, ETC.
Summary, etc. Government is reviewing the new procedures introduced by its reforms to the Landlord and Tenant Act 1954 after one year in force. The ODPM has set up a committee to advise it on how the reforms are working in practice. Reports on the responses to a survey on the reforms by members of the Property Litigation Association, RICS and the Chancery Bar Association. Discusses the practitioners' answers on contracting out and renewal proceedings, time extensions and s25 notices, the abolition of tenant's counternotice and interim rent. In overview 72% of the respondents thought that the changes had been a success. Table covers the responses in outline.
590 ## - LOCAL NOTE (RLIN)
Local note IKA030106
650 24 - SUBJECT ADDED ENTRY--TOPICAL TERM
Topical term or geographic name entry element LANDLORD AND TENANT ACT 1954
650 24 - SUBJECT ADDED ENTRY--TOPICAL TERM
Topical term or geographic name entry element LANDLORD AND TENANT ACT 1954 S25
690 ## - LOCAL SUBJECT ADDED ENTRY--TOPICAL TERM (OCLC, RLIN)
Topical term or geographic name as entry element PROPERTY-COMMERCIAL PROPERTY-LEASEHOLD COMMERCIAL PROPERTY-COMMERCIAL LANDLORD AND TENANT-BUSINESS TENANCIES
942 ## - ADDED ENTRY ELEMENTS (KOHA)
Suppress in OPAC 0
Holdings
Withdrawn status Lost status Source of classification or shelving scheme Damaged status Not for loan Home library Current library Shelving location Date acquired Total Checkouts Full call number Barcode Date last seen Copy number Price effective from Koha item type
    Dewey Decimal Classification     London London Journal article 21/12/2005   L132014 132014-1001 06/08/2019 1 06/08/2019 Journal article